Statistics for The Muppet Christmas Carol Characters Quiz

Click here to take the quiz!

General Stats

  • This quiz has been taken 112 times
  • The average score is 15 of 31

Answer Stats

Actor/ActressDescriptionCharacter% Correct
Michael CaineA man who is very greedy and hates ChristmasEbenezer Scrooge
95%
The Great GonzoThe author of A Christmas CarolCharles Dickens
78%
Kermit the FrogScrooge's accountant, the husband of Emily Cratchit, and and father of Tiny Tim, Peter, Belinda, and Betina CratchitBob Cratchit
77%
Robin the FrogThe son of Bob and Emily Cratchit, and the brother of Peter, Betina, and Belinda CratchitTiny Tim Cratchit
73%
Jessica FoxA ghost who comes to haunt Scrooge with the past ChristmasesGhost of Christmas Past
69%
StatlerOne of Scrooge's former business partnersJacob Marley
69%
Steven MackintoshEbenezer Scrooge's nephewFred
66%
Dave GoelzAn eccentric hooked-nosed stunt performer and performance artistGonzo
64%
Steve WhitmireA pragmatic frog who is the straight man protagonist and de facto leader of the Muppet ensembleKermit
60%
Steve WhitmireThe daughter of Bob and Emily Cratchit, sister of Tiny Tim and Peter and twin sister of BetinaBelinda Crachit
57%
Steve WhitmireA sly brown rat from the inner cityRizzo
56%
Dave GoelzThe daughter of Bob and Emily Cratchit, sister of Tiny Tim and Peter and twin sister of BelindaBetina Crachit
53%
Steve WhitmireBunsen's lab assistant who performs ill-fated experiments which often results in him getting seriously injuredBeaker
52%
Miss PiggyThe wife of Bob Cratchit and the mother of Tiny Tim, Peter, Belinda, and Betina CratchitEmily Cratchit
51%
Frank OzA temperamental diva pig who is the Muppets' break-out and "authentic superstar"Miss Piggy
51%
Dave GoelzAn inventive, yet aloof scientist who frequently performs science experiments and invention demonstrations that typically go awry and has an "affable cluelessness" whenever his assistant, Beaker, is a victim of these presentationsDr. Bunsen Honeydew
50%
Dave GoelzAn elderly and grouchy gentleman who constantly heckles the Muppets from the audience, specifically from an upper balcony boxWaldorf
48%
Frank OzA naive, comically-disinclined bearFozzie Bear
47%
Jerry NelsonAn elderly and grouchy gentleman who constantly heckles the Muppets from the audience, specifically from an upper balcony boxStatler
43%
Meredith BraunScrooge's neglected fiancéeBelle
41%
Frank OzA savage, frenzied drummer for Dr. Teeth and the Electric MayhemAnimal
40%
WaldorfOne of the former business partners of ScroogeRobert Marley
40%
Jerry NelsonKermit's young, sweet-voiced nephewRobin the Frog
40%
David RudmanThe son of Bob and Emily Cratchit, and brother of Tiny Tim, Belinda, and Betina CratchitPeter Cratchit
38%
Frank OzA patriotic bald eagle and the group's self-proclaimed delegator of conservative valuesSam Eagle
37%
David RudmanA chef that speaks in mock SwedishThe Swedish Chef
33%
Robin WeaverEbenezer Scrooge's niece-in-law and Fred's wifeClara
26%
Fozzie BearA businessman who Scrooge was once an apprentice underFozziwig
22%
Steve WhitmireA small rabbitBean Bunny
19%
Sam EagleThe schoolmaster of Scrooge's childhood schoolThe Schoolmaster
2%
Jerry NelsonThe ghost that comes to haunt Scrooge of what is going on at the momentGhost of Chirstmas Present
1%

Score Distribution

Percentile by Number Answered

Percent of People with Each Score

Your Score History

You have not taken this quiz